000 00539nam a2200193Ia 4500
003 OSt
005 20221007083103.0
006 a|||||r|||| 00| 0
007 ta
008 221006b |||||||| |||| 00| 0 eng d
024 _a23,084
037 _cDissertations
040 _aFLL
_cFLL
_beng
041 _2eng
_aeng
100 _aKwatra Gagan Kumar
_9700277
245 0 _aIncome-tax incentives for business & industry with special reference to tax-holiday
942 _cDIS
_2CC
999 _c1168775
_d1168775